Statistics for Peter Rabbit Franchise

Click here to take the quiz!

General Stats

  • This quiz has been taken 13 times
  • The average score is 3 of 14

Answer Stats

TypeYearNameInfo% Correct
Film2018Peter RabbitSony
88%
TV Show2012-2016Peter RabbitNickelodeon / Nick Jr. / CBeebies
88%
Film2020Peter Rabbit 2: The RunawaySony
75%
Children's Book1902The Tale of Peter RabbitBeatrix Potter
38%
Children's Book1904The Tale of Benjamin BunnyBeatrix Potter
25%
Children's Book1909The Tale of the Flopsy BunniesBeatrix Potter
13%
Children's Book2013The Christmas Tale of Peter RabbitEmma Thompson
0%
Children's Book2012The Further Tale of Peter RabbitEmma Thompson
0%
Children's Book2014The Spectacular Tale of Peter RabbitEmma Thompson
0%
Children's Book1909The Tale of Ginger and PicklesBeatrix Potter
0%
Children's Book1905The Tale of Mrs. Tiggy-WinkleBeatrix Potter
0%
Children's Book1912The Tale of Mr. TodBeatrix Potter
0%
Film1971The Tales of Beatrix PotterMGM
0%
TV Show1992-1998The World of Peter Rabbit and FriendsBBC One / BBC Two
0%

Score Distribution

Percentile by Number Answered

Percent of People with Each Score

Your Score History

You have not taken this quiz